00537nam a2200169Ia 4500008004100000020001500041041000800056082001800064100002900082245002700111250000600138260004500144300001200189650002000201999001900221952012700240210716s2003 xx 000 0 und d a8121910625 aeng a658.1511 PILR aPillai, R S N;Bagavathi. aManagement accounting. a1 aNew DelhibS Chand and Company Ltdc2003 avii,543 aCost Accounting c197786d197786 001040708MBAaAIMITbAIMITd2009-04-04g160.00l0o658.1511 PILRpMBA00351r2026-05-23 00:00:00v128.00w2021-07-16yBK